000 02359nam a2200337 c 4500
003 BLK
005 20250715124204.0
008 180411b bul|||||r ||||||| ||bul||
010 _aKNG00182838000
040 _aBLK
041 _aBUL
_cBUL
080 _aНемска литература
_b821.112.2
_x-322.9
_z821.112.2-322.9
080 _aАвстрийска литература
_b821.112(436)
_x-322.9
_z821.112(436)-322.9
080 _a?Швейцарска литература
_b830(494)
_x-322.9
_z830(494)-322.9
100 1 _aБармейер, Айке
_eпърви автор
_936715
700 1 _aДилов, Любен Иванов
_eсъстав. с предг. от
_9380324
700 1 _aКонстантинов, Венцеслав Константинов
_eпрев. от нем.
_9374149
139 _aФантастика на ФРГ, Австрия и Швейцария
_bФ 22
245 1 0 _aФантастика на ФРГ, Австрия и Швейцария
_bАнтология
_cАйке Бармейер; състав. с предг. от Любен Иванов Дилов; прев. от нем. Венцеслав Константинов Константинов.
257 _aAUT
_aDEU
_aSWI
260 Пловдив
_bХристо Г. Данов
_c1981
300 _a440 с.
_bс ил.
_c20 см
380 _aX
500 _aДруги авт.: М. Беранек, П. Т. Фитон, В. Гьопферт, Фр. Дюренмат, Б. Йегер, В. Йешке, Х. Кампхаус, Е. Канети, Фр. Кафка, Б. Клинг, Х. фон Крамер, И. Кремп, Х. Ландау, Ева Мария Мудрих, П. фон Трамин, Х. Франке, Е. Фрид, М. Фриш, Д. ван Хезе, Ю. Фом Шайдт, П. Шатшнайдер, Й. Шпилманс. - Други прев.: В. Аврамова-Майер, Л. Илиев, Л. Кочанова, М. Дилова, Н. Фурнаджиева, Р. Велкова, Св. Чикова, Ф. Караджова-Потоцка. - Пълното име на състав. е Любен Дилов Иванов. - 80 600 тир.
852 _aЦб 109182
856 4 _qpdf
_u
856 4 _qpdf
_u
942 _cKNG
_n0
_01
944 _aCR
_c29.09.2015
_k30558
_lВаля Йорданова
944 _aED
_c20.09.2017
_kКети_Илиева
999 _c174363
_d174363